| 000 | 00669nam a2200229 i 4500 | ||
|---|---|---|---|
| 001 | bg | ||
| 100 | 1 | _aBARDET, Jean-Pierre | |
| 245 | 1 | 0 |
_aExperimental soil mechanics / _cJean-Pierre Bardet. |
| 260 |
_aUpper Saddle River : _bPrentice Hall, _ccop. 1997. |
||
| 300 |
_aVIII, 582 s. : _bfot., rys., wykr. ; _c30 cm + _edyskietka. |
||
| 504 | _aBibliogr. przy rozdz. - Indeks. | ||
| 650 | 9 |
_aGleba _xbadanie |
|
| 650 | 9 | _aMechanika gruntów | |
| 650 | 9 |
_aGeologia inżynierska _xmetody |
|
| 020 | _a0133749355 | ||
| 040 | _cBPK | ||
| 041 | 0 | _aen | |
| 080 | _a631.4:624.131 | ||
| 920 | _a0-13-374935-5 | ||
| 942 | _cKS | ||
| 008 | s pl f |000 0 pol | ||
| 999 |
_c34710 _d34710 |
||
| 856 |
_uhttp://koha.tu.koszalin.pl/cgi-bin/koha/opac-detail.pl?biblionumber=34710 _yKatalog online BPK |
||